000
00212 a2200097 4500
001
6417
100
_a
Qureshi, A I
245
_a
Economy of Pakistan 1948-68
260
_a
_b
Econo Adviser
_c
090
_c
5278
_d
5278
942
_a
NUST-CAE
_c
M
_c
31687
999
_c
241490
_d
241490